| 000 | 00645nam a2200217 u 4500 | ||
|---|---|---|---|
| 005 | 20210223133743.0 | ||
| 008 | 190207s2011 ag r 000 0 spa d | ||
| 020 | _a9789505349258 | ||
| 035 | _aUPN01000228884 | ||
| 049 | _aI | ||
| 050 | 4 |
_aPZ74.3 _bB7.3 |
|
| 100 | 1 |
_aBriones, Diana, _d1960- _942781 |
|
| 245 | 1 | 0 |
_aCon papel de chocolate / _cDiana Briones ; il. Nora Hilb. |
| 260 |
_aBuenos Aires : _bA-Z, _c2011. |
||
| 300 |
_a16 p. : _bprincipalmente il. col. |
||
| 440 | 0 | _aSerie del juglar | |
| 650 | 4 |
_aPOESIA INFANTIL ARGENTINA _911596 |
|
| 700 | 1 |
_aHilb, Nora Inés, _d1953- _eil. _932428 |
|
| 905 | _aInfantil | ||
| 999 |
_c200979 _d200979 |
||